00588nam a2200181 a 450000100100000000500170001000800410002702000150006804000250008308200150010810000210012324501060014426000470025030000280029750400320032570000150035770000340037200003545820200930074345.0111101s1990 sp a 000 0 spa d a8487598021 aDO-SdBNPbspacBNPHU axxxxbxxxx1 aGrinberg, Jacobo13aLa creación de la experiencia /cJacobo Grinberg, Zylberbaum ; traducción Eduardo Roselló Toca. aMadrid, :bLos libros del comienzo,c1990. a215 p. :bil. ;c21 cm. aBibliografía : p. 211-2151 aZylberbaum1 aRoselló toca, Eduardo,etr.